| 000 | 00421nam a2200157Ia 4500 | ||
|---|---|---|---|
| 008 | 240729s9999 xx 000 0 und d | ||
| 022 | _a2735-5519 | ||
| 245 | 0 | _aTanta Scientific Nursing Journal | |
| 260 | _aEgypt | ||
| 260 | _bTanta University; Faculty of Nursing | ||
| 650 | _a Nursing | ||
| 650 | _aMedicine | ||
| 856 | _uhttps://doaj.org/toc/8a9558ce99cb40ab879be8bb4112c1be | ||
| 942 | _2ddc | ||
| 942 | _cDOAJEJ | ||
| 999 |
_c73219 _d73219 |
||
| 945 |
_a1 _bMadushi Gamage _c1 _dMadushi Gamage |
||